000 01105nam0a22002531 4500
001 rc\2774829
005 20250806204653.0
035 _a(NLR Aleph) 006901132
090 _a29944
_c29944
100 _a20110915d1941 u y0rusy50 ca
101 0 _arus
102 _aRU
105 _aa z |||||
200 1 _aПрименение малолегированных быстрорежущих сталей
_fИнж. Н. А. Яхонин
_gВсес. совет науч. инж.-тех. об-в. Ленингр. отд-ние Науч. инж.-тех. о-ва металлургов. II Всес. конф-ция - Курсы по стахан. методам термообработки
210 _a[Ленинград]
_cБ. и.
_d[1941]
215 _a10 с., без обл. и тит. л.
_cил.
_d22 см.
700 1 _aЯхонин
_bН.А.
_gНиколай Александрович
801 0 _aRU
_bNLR
_gpsbo
801 1 _aRU
_bELAR
_2rusmarc
852 _aNLR
_jТ36 Г-6/24
942 _cBOOK
945 _aРоссийская национальная библиотека
980 _aNB
980 _aBV